000 00473nam a22001817a 4500
003 MPLRDC
005 20220104182320.0
008 210129b ||||| |||| 00| 0 eng d
020 _a7-80601-966-5
082 _a177.2 GOL
100 _aSTUART AVERY GOLD
245 _a寻找大池塘的青蛙
_c黄聿君译
250 _a一版一刷
260 _a中国
_b万卷出版公司
_c2007
300 _b87
650 _a应用心理学--成功法
942 _cBK
_o177.2 GOL
999 _c61904
_d61894